<?xml version="1.0" encoding="UTF-8"?><?xml-stylesheet type="text/xsl" href="static/style.xsl"?><OAI-PMH xmlns="http://www.openarchives.org/OAI/2.0/" xmlns:xsi="http://www.w3.org/2001/XMLSchema-instance" xsi:schemaLocation="http://www.openarchives.org/OAI/2.0/ http://www.openarchives.org/OAI/2.0/OAI-PMH.xsd"><responseDate>2026-04-14T08:38:55Z</responseDate><request verb="GetRecord" identifier="oai:www.recercat.cat:2445/214165" metadataPrefix="marc">https://recercat.cat/oai/request</request><GetRecord><record><header><identifier>oai:recercat.cat:2445/214165</identifier><datestamp>2025-12-05T05:29:09Z</datestamp><setSpec>com_2072_1057</setSpec><setSpec>col_2072_478857</setSpec><setSpec>col_2072_478917</setSpec></header><metadata><record xmlns="http://www.loc.gov/MARC21/slim" xmlns:dcterms="http://purl.org/dc/terms/" xmlns:xsi="http://www.w3.org/2001/XMLSchema-instance" xmlns:doc="http://www.lyncode.com/xoai" xsi:schemaLocation="http://www.loc.gov/MARC21/slim http://www.loc.gov/standards/marcxml/schema/MARC21slim.xsd">
   <leader>00925njm 22002777a 4500</leader>
   <datafield ind2=" " ind1=" " tag="042">
      <subfield code="a">dc</subfield>
   </datafield>
   <datafield ind2=" " ind1=" " tag="720">
      <subfield code="a">Molas Ribalta, Pere, 1942-</subfield>
      <subfield code="e">author</subfield>
   </datafield>
   <datafield ind2=" " ind1=" " tag="260">
      <subfield code="c">2024-07-02T13:39:43Z</subfield>
   </datafield>
   <datafield ind2=" " ind1=" " tag="260">
      <subfield code="c">2024-07-02T13:39:43Z</subfield>
   </datafield>
   <datafield ind2=" " ind1=" " tag="260">
      <subfield code="c">1993</subfield>
   </datafield>
   <datafield ind2=" " ind1=" " tag="260">
      <subfield code="c">2024-07-02T13:39:48Z</subfield>
   </datafield>
   <datafield ind2=" " ind1=" " tag="520">
      <subfield code="a">[spa] El artículo analiza los altos cargos de la administración real en los distintos reinos  que integraban la Corona de Aragón a principios de la Edad Moderna: el virrey o  lugarteniente general, que substituía al monarca ausente; los gobernadores generales,  representantes teóricos del primogénito real, también ausente; los titulares de las distintas  secciones de la hacienda (Real Patrimonio, Maestro Racional, Tesorero general y sus  lugartenientes), el Consejo Supremo de la Corona de Aragón, y las Audiencias, consideradas  el Consejo real en cada reino. En cada caso se profundiza en el entorno social y  familiar de los titulares de los cargos.</subfield>
   </datafield>
   <datafield ind2=" " ind1=" " tag="520">
      <subfield code="a">[eng] The article analizes the top posts in the royal administration in the different kingdoms  that comprised the Crown of Aragón at the begining of Modern Age: the viceroy or the  general lieutenant, who acted as the monarch when he was not present; the governorgeneral  represented (theoretically) the royal heir in his absence, and the titulars of the  different sections in the royal finances, the “maestro racional”, the general treasurer and  his lieutenants, the Supreme Council of the Crown of Aragon and the Audiencias,  considered the Royal council in each kingdom. In each different case we study in depth  the family and social atmosphere of the titulars of the mentioned posts.</subfield>
   </datafield>
   <datafield tag="653" ind2=" " ind1=" ">
      <subfield code="a">Regnats (Corona catalanoaragonesa)</subfield>
   </datafield>
   <datafield tag="653" ind2=" " ind1=" ">
      <subfield code="a">Història moderna</subfield>
   </datafield>
   <datafield tag="653" ind2=" " ind1=" ">
      <subfield code="a">Administració pública</subfield>
   </datafield>
   <datafield tag="653" ind2=" " ind1=" ">
      <subfield code="a">Reigns (Crown of Aragon)</subfield>
   </datafield>
   <datafield tag="653" ind2=" " ind1=" ">
      <subfield code="a">Modern history</subfield>
   </datafield>
   <datafield tag="653" ind2=" " ind1=" ">
      <subfield code="a">Public administration</subfield>
   </datafield>
   <datafield ind2="0" ind1="0" tag="245">
      <subfield code="a">La administración real en la Corona de Aragón</subfield>
   </datafield>
   <datafield ind2="0" ind1="0" tag="245">
      <subfield code="a">The royal administration in the Crown of Aragon</subfield>
   </datafield>
</record></metadata></record></GetRecord></OAI-PMH>